000
00239nam a2200109Ia 4500
008
190216s9999||||xx |||||||||||||| ||und||
100
_a
Singh&Amp;Thamar
245
0
_a
Cell Biology
260
_b
Rasthogi Pub
650
_a
Botany
942
_c
BK
999
_c
1383
_d
1383